<?xml version="1.0" encoding="UTF-8"?>
<record
    xmlns:xsi="http://www.w3.org/2001/XMLSchema-instance"
    xsi:schemaLocation="http://www.loc.gov/MARC21/slim http://www.loc.gov/standards/marcxml/schema/MARC21slim.xsd"
    xmlns="http://www.loc.gov/MARC21/slim">

  <leader>00492nam a22001577a 4500</leader>
  <controlfield tag="003">OSt</controlfield>
  <controlfield tag="005">20151207142228.0</controlfield>
  <controlfield tag="008">151207b        xxu||||| |||| 00| 0 eng d</controlfield>
  <datafield tag="040" ind1=" " ind2=" ">
    <subfield code="c">RUA</subfield>
  </datafield>
  <datafield tag="082" ind1=" " ind2=" ">
    <subfield code="a">ATM &#x1791;&#x17BC;&#x1785; 1991 B189 Or.1</subfield>
  </datafield>
  <datafield tag="100" ind1=" " ind2=" ">
    <subfield code="9">4454</subfield>
    <subfield code="a">&#x1791;&#x17BC;&#x1785;,&#x200B;&#x179F;&#x17BB;&#x1795;&#x179B;&#x17D2;&#x179B;&#x17B6;</subfield>
  </datafield>
  <datafield tag="245" ind1=" " ind2=" ">
    <subfield code="a">&#x1782;&#x17C6;&#x179A;&#x17C4;&#x1784;&#x179F;&#x17C6;&#x1793;&#x1784;&#x17CB;&#x1780;&#x17D2;&#x1793;&#x17C0;&#x179A;&#x178A;&#x17B8;&#x1794;&#x17C6;&#x1796;&#x17B6;&#x1780;&#x17CB;&#x178A;&#x17C4;&#x1799;&#x178F;&#x17D2;&#x179A;&#x17B6;&#x1780;&#x17CB;&#x1791;&#x17D0;&#x179A;</subfield>
  </datafield>
  <datafield tag="260" ind1=" " ind2=" ">
    <subfield code="a">Phnom Penh</subfield>
    <subfield code="b">RUA</subfield>
    <subfield code="c">1991</subfield>
  </datafield>
  <datafield tag="300" ind1=" " ind2=" ">
    <subfield code="a">45p.</subfield>
    <subfield code="b">ill.</subfield>
    <subfield code="c">29cm.</subfield>
  </datafield>
  <datafield tag="942" ind1=" " ind2=" ">
    <subfield code="2">ddc</subfield>
    <subfield code="c">ATM</subfield>
  </datafield>
  <datafield tag="999" ind1=" " ind2=" ">
    <subfield code="c">4154</subfield>
    <subfield code="d">4154</subfield>
  </datafield>
  <datafield tag="952" ind1=" " ind2=" ">
    <subfield code="0">0</subfield>
    <subfield code="1">0</subfield>
    <subfield code="2">ddc</subfield>
    <subfield code="4">0</subfield>
    <subfield code="6">ATM_&#x1791;&#x17BC;&#x1785;_1991_000000000000000_B189_OR_1</subfield>
    <subfield code="7">0</subfield>
    <subfield code="9">20875</subfield>
    <subfield code="a">LBB</subfield>
    <subfield code="b">LBB</subfield>
    <subfield code="d">2015-12-07</subfield>
    <subfield code="o">ATM &#x1791;&#x17BC;&#x1785; 1991 B189 Or.1</subfield>
    <subfield code="p">RUA41259</subfield>
    <subfield code="r">2015-12-07</subfield>
    <subfield code="w">2015-12-07</subfield>
    <subfield code="y">ATM</subfield>
  </datafield>
  <datafield tag="952" ind1=" " ind2=" ">
    <subfield code="0">0</subfield>
    <subfield code="1">0</subfield>
    <subfield code="2">ddc</subfield>
    <subfield code="4">0</subfield>
    <subfield code="6">ATM_&#x1791;&#x17BC;&#x1785;_1991_000000000000000_B189_OR_2</subfield>
    <subfield code="7">0</subfield>
    <subfield code="9">20876</subfield>
    <subfield code="a">LBB</subfield>
    <subfield code="b">LBB</subfield>
    <subfield code="d">2015-12-07</subfield>
    <subfield code="o">ATM &#x1791;&#x17BC;&#x1785; 1991 B189 Or.2</subfield>
    <subfield code="p">RUA41493</subfield>
    <subfield code="r">2015-12-07</subfield>
    <subfield code="w">2015-12-07</subfield>
    <subfield code="y">ATM</subfield>
  </datafield>
  <datafield tag="952" ind1=" " ind2=" ">
    <subfield code="0">0</subfield>
    <subfield code="1">0</subfield>
    <subfield code="2">ddc</subfield>
    <subfield code="4">0</subfield>
    <subfield code="6">ATM_&#x1791;&#x17BC;&#x1785;_1991_000000000000000_B189_OR_3</subfield>
    <subfield code="7">0</subfield>
    <subfield code="9">20877</subfield>
    <subfield code="a">LBB</subfield>
    <subfield code="b">LBB</subfield>
    <subfield code="d">2015-12-07</subfield>
    <subfield code="o">ATM &#x1791;&#x17BC;&#x1785; 1991 B189 Or.3</subfield>
    <subfield code="p">RUA41317</subfield>
    <subfield code="r">2015-12-07</subfield>
    <subfield code="w">2015-12-07</subfield>
    <subfield code="y">ATM</subfield>
  </datafield>
  <datafield tag="952" ind1=" " ind2=" ">
    <subfield code="0">0</subfield>
    <subfield code="1">0</subfield>
    <subfield code="2">ddc</subfield>
    <subfield code="4">0</subfield>
    <subfield code="6">ATM_&#x1791;&#x17BC;&#x1785;_1991_000000000000000_B189_OR_4</subfield>
    <subfield code="7">0</subfield>
    <subfield code="9">20878</subfield>
    <subfield code="a">LBB</subfield>
    <subfield code="b">LBB</subfield>
    <subfield code="d">2015-12-07</subfield>
    <subfield code="o">ATM &#x1791;&#x17BC;&#x1785; 1991 B189 Or.4</subfield>
    <subfield code="p">RUA042729</subfield>
    <subfield code="r">2015-12-07</subfield>
    <subfield code="w">2015-12-07</subfield>
    <subfield code="y">ATM</subfield>
  </datafield>
  <datafield tag="952" ind1=" " ind2=" ">
    <subfield code="0">0</subfield>
    <subfield code="1">0</subfield>
    <subfield code="2">ddc</subfield>
    <subfield code="4">0</subfield>
    <subfield code="6">ATM_&#x1791;&#x17BC;&#x1785;_1991_000000000000000_B189_OR_5</subfield>
    <subfield code="7">0</subfield>
    <subfield code="9">20879</subfield>
    <subfield code="a">LBB</subfield>
    <subfield code="b">LBB</subfield>
    <subfield code="d">2015-12-07</subfield>
    <subfield code="o">ATM &#x1791;&#x17BC;&#x1785; 1991 B189 Or.5</subfield>
    <subfield code="p">RUA41377</subfield>
    <subfield code="r">2015-12-07</subfield>
    <subfield code="w">2015-12-07</subfield>
    <subfield code="y">ATM</subfield>
  </datafield>
  <datafield tag="952" ind1=" " ind2=" ">
    <subfield code="0">0</subfield>
    <subfield code="1">0</subfield>
    <subfield code="2">ddc</subfield>
    <subfield code="4">0</subfield>
    <subfield code="6">ATM_&#x1791;&#x17BC;&#x1785;_1991_000000000000000_B189_OR_6</subfield>
    <subfield code="7">0</subfield>
    <subfield code="9">20880</subfield>
    <subfield code="a">LBB</subfield>
    <subfield code="b">LBB</subfield>
    <subfield code="d">2015-12-07</subfield>
    <subfield code="o">ATM &#x1791;&#x17BC;&#x1785; 1991 B189 Or.6</subfield>
    <subfield code="p">RUA043277</subfield>
    <subfield code="r">2015-12-07</subfield>
    <subfield code="w">2015-12-07</subfield>
    <subfield code="y">ATM</subfield>
  </datafield>
  <datafield tag="952" ind1=" " ind2=" ">
    <subfield code="0">0</subfield>
    <subfield code="1">0</subfield>
    <subfield code="2">ddc</subfield>
    <subfield code="4">0</subfield>
    <subfield code="6">ATM_&#x1791;&#x17BC;&#x1785;_1991_000000000000000_B189_OR_7</subfield>
    <subfield code="7">0</subfield>
    <subfield code="9">20881</subfield>
    <subfield code="a">LBB</subfield>
    <subfield code="b">LBB</subfield>
    <subfield code="d">2015-12-07</subfield>
    <subfield code="o">ATM &#x1791;&#x17BC;&#x1785; 1991 B189 Or.7</subfield>
    <subfield code="p">RUA41437</subfield>
    <subfield code="r">2015-12-07</subfield>
    <subfield code="w">2015-12-07</subfield>
    <subfield code="y">ATM</subfield>
  </datafield>
  <datafield tag="952" ind1=" " ind2=" ">
    <subfield code="0">0</subfield>
    <subfield code="1">0</subfield>
    <subfield code="2">ddc</subfield>
    <subfield code="4">0</subfield>
    <subfield code="6">ATM_&#x1791;&#x17BC;&#x1785;_1991_000000000000000_B189_OR_8</subfield>
    <subfield code="7">0</subfield>
    <subfield code="9">20882</subfield>
    <subfield code="a">LBB</subfield>
    <subfield code="b">LBB</subfield>
    <subfield code="d">2015-12-07</subfield>
    <subfield code="o">ATM &#x1791;&#x17BC;&#x1785; 1991 B189 Or.8</subfield>
    <subfield code="p">RUA43677</subfield>
    <subfield code="r">2015-12-07</subfield>
    <subfield code="w">2015-12-07</subfield>
    <subfield code="y">ATM</subfield>
  </datafield>
  <datafield tag="952" ind1=" " ind2=" ">
    <subfield code="0">0</subfield>
    <subfield code="1">0</subfield>
    <subfield code="2">ddc</subfield>
    <subfield code="4">0</subfield>
    <subfield code="6">ATM_&#x1791;&#x17BC;&#x1785;_1991_000000000000000_B189_OR_1</subfield>
    <subfield code="7">0</subfield>
    <subfield code="9">20883</subfield>
    <subfield code="a">LBB</subfield>
    <subfield code="b">LBB</subfield>
    <subfield code="d">2015-12-07</subfield>
    <subfield code="o">ATM &#x1791;&#x17BC;&#x1785; 1991 B189 Or.1</subfield>
    <subfield code="r">2015-12-07</subfield>
    <subfield code="w">2015-12-07</subfield>
    <subfield code="y">ATM</subfield>
  </datafield>
  <datafield tag="952" ind1=" " ind2=" ">
    <subfield code="0">0</subfield>
    <subfield code="1">0</subfield>
    <subfield code="2">ddc</subfield>
    <subfield code="4">0</subfield>
    <subfield code="6">ATM_&#x1791;&#x17BC;&#x1785;_1991_000000000000000_B189_OR_9</subfield>
    <subfield code="7">0</subfield>
    <subfield code="9">20884</subfield>
    <subfield code="a">LBB</subfield>
    <subfield code="b">LBB</subfield>
    <subfield code="d">2015-12-07</subfield>
    <subfield code="o">ATM &#x1791;&#x17BC;&#x1785; 1991 B189 Or.9</subfield>
    <subfield code="p">RUA44238</subfield>
    <subfield code="r">2015-12-07</subfield>
    <subfield code="w">2015-12-07</subfield>
    <subfield code="y">ATM</subfield>
  </datafield>
</record>
